Liedtext: 80 Millionen - Max Giesinger - Statistiken

Allgemein
  • Dieses Quiz wurde 273 mal gespielt
  • Das Durchschnittsergebnis liegt bei 219 aus 293
Antwortstatistiken
Antwort % Korrekt
Millionen
97%
80
95%
ich
95%
Ich
95%
von
93%
Da
92%
Einer
91%
du
88%
Du
88%
so
88%
So
88%
Und
88%
und
88%
der
86%
in
86%
Wie
86%
wie
86%
wir
85%
es
84%
viel
84%
wo
84%
das
83%
schon
83%
die
82%
Die
82%
Im
81%
im
81%
1
80%
nicht
80%
war
80%
War
80%
Berlin
79%
Hab
79%
hab
79%
Menschen
79%
mich
79%
nach
79%
gefunden
78%
hast
78%
herkomm
78%
Tausend
77%
4
76%
frag
76%
mal
76%
Großstadt
75%
nächsten
75%
weiß
75%
2
74%
doch
74%
gesehen
74%
wohnen
74%
verstehen
73%
weit
73%
bald
72%
dass
72%
auf
71%
gekommen
71%
Ort
71%
passiert
71%
zu
71%
uns
70%
5
69%
daneben
69%
dem
67%
gesucht
67%
Jahre
67%
letzten
65%
hi
64%
Lotto
64%
300
63%
7
62%
alleine
62%
Sechser
62%
mir
61%
Achterbahn
59%
Wenn
59%
Aber
58%
Hier
58%
hier
58%
nie
57%
Woche
57%
dann
56%
Nächte
56%
ner
54%
gut
53%
treffen
53%
wenig
53%
begegnen
52%
Dauerflug
52%
gepennt
52%
stehen
52%
beide
51%
sogar
51%
fehlten
50%
jetzt
50%
sagtest
50%
Worte
50%
gegen
49%
kapiert
49%
Kometen
49%
leuchten
49%
Chance
48%
einem
48%
Null
48%
warst
47%
Ging
44%
nochmal
44%
Wahrscheinlichkeitsrechnung
44%
alles
43%
mit
43%
kamst
42%
zurück
42%
Augenblick
41%
draußen
41%
anders
39%
Begegnung
38%
unserer
21%
Ufer
11%
Keine übereinstimmenden Quizze gefunden
Verteilung der Resultate
Anzahl Personen mit jedem Resultat
Perzentil nach korrekt beantworteten Fragen
Ihre Resultats-Entwicklung
Sie haben dieses Quiz noch nicht gespielt